Catalog

Record Details

Catalog Search



Available copies

  • 2 of 2 copies available at LARL/NWRL Consortium.
  • 2 of 2 copies available at Lake Agassiz Regional Library. (Show preferred library)

Current holds

0 current holds with 2 total copies.

Show All Copies
Location Call Number / Copy Notes Barcode Shelving Location Status Due Date
Ada Public Library CD TALKING BOOK ARN (Text) 33500014351175 Main Available -
Bagley Public Library CD TALKING BOOK ARN (Text) 33500014351183 Main Available -

Record details

  • ISBN: 9798228815858
  • ISBN: 9798228815865
  • Physical Description: 6 audio discs (6 1/2 hr.) : CD audio, digital ; 4 ... Read More
  • Edition: Unabridged.
  • Publisher: [Newark, New Jersey] : Audible, [2025]

Content descriptions

General Note:
Compact discs.
Participant or Performer Note:
Read by Zoe Carides.
Summary, etc.:
In the distant highlands, a puma named Dusk is ... Read More
Subject: Puma > Fiction.
Puma attacks > Fiction.
Twins > Fiction.
Puma hunting > Fiction.
Bounties > Fiction.
Adult children of alcoholics > Fiction.
Uplands > Australia > Tasmania > Fiction.
Tasmania > Fiction.
FICTION / Westerns.
Genre: Western stories.
Audiobooks.
Magic realist fiction.
Mythological fiction.
Western fiction.
LDR 02880nim a22006737i 4500
001483212
003LARL_NWRL_CONSORTIUM
00520260323163010.0
008260312t20252024njunnnne f n eng d
007sd fsngnnmmned
040 . ‡aBLACP ‡beng ‡erda ‡cBLACP ‡dOCLCO
020 . ‡a9798228815858 ‡q(sound recording ; ‡qBlackstone Library CD)
020 . ‡a9798228815865 ‡q(sound recording ; ‡qBlackstone Retail CD)
035 . ‡a(OCoLC)1579026452
037 . ‡aZPzxt6 ‡bBlackstone Publishing
037 . ‡aZEzxt6 ‡bBlackstone Publishing
08204. ‡a823/.92 ‡223
1001 . ‡aArnott, Robbie, ‡d1989- ‡eauthor. ‡1https://id.oclc.org/worldcat/entity/E39PCjrJfjQGYtVGFrFbTXc3wC
24510. ‡aDusk / ‡cRobbie Arnott.
250 . ‡aUnabridged.
264 1. ‡a[Newark, New Jersey] : ‡bAudible, ‡c[2025]
264 4. ‡c℗2024
300 . ‡a6 audio discs (6 1/2 hr.) : ‡bCD audio, digital ; ‡c4 3/4 in.
336 . ‡aspoken word ‡bspw ‡2rdacontent
337 . ‡aaudio ‡bs ‡2rdamedia
338 . ‡aaudio disc ‡bsd ‡2rdacarrier
344 . ‡adigital ‡2rdatr
344 . ‡boptical ‡2rdarm
347 . ‡aaudio file ‡2rdaft
347 . ‡bCD audio
500 . ‡aCompact discs.
5110 . ‡aRead by Zoe Carides.
520 . ‡aIn the distant highlands, a puma named Dusk is killing shepherds. Down in the lowlands, twins Iris and Floyd are out of work, money and friends. When they hear that a bounty has been placed on Dusk, they reluctantly decide to join the hunt. As they journey up into this wild, haunted country, they discover there's far more to the land and people of the highlands than they imagined. And as they close in on their prey, they're forced to reckon with conflicts both ancient and deeply personal.
650 0. ‡aPuma ‡vFiction.
650 0. ‡aPuma attacks ‡vFiction.
650 0. ‡aTwins ‡vFiction. ‡0(LARL_NWRL_CONSORTIUM)167632
650 0. ‡aPuma hunting ‡vFiction.
650 0. ‡aBounties ‡vFiction.
650 0. ‡aAdult children of alcoholics ‡vFiction.
650 0. ‡aUplands ‡zAustralia ‡zTasmania ‡vFiction.
651 0. ‡aTasmania ‡vFiction.
650 7. ‡aFICTION / Westerns. ‡2bisacsh
655 7. ‡aWestern stories. ‡2gsafd
655 7. ‡aAudiobooks. ‡2lcgft ‡0(LARL_NWRL_CONSORTIUM)175801
655 7. ‡aMagic realist fiction. ‡2lcgft
655 7. ‡aMythological fiction. ‡2lcgft
655 7. ‡aWestern fiction. ‡2lcgft
7001 . ‡aCarides, Zoe, ‡enarrator.
901 . ‡a483212 ‡bAUTOGEN ‡c483212 ‡tbiblio

Additional Resources